Zgadnij kraj po powierzchni (podpowiedzi) - Statystyki

Ogólne statystyki
  • Ten quiz został rozwiązany 104 razy
  • Średni wynik to 15 z 20
Statystyki odpowiedzi
Podpowiedź Odpowiedź % Poprawnych
17 098 242 km² Rosja
100%
9 596 960 km² Chiny
99%
9 525 067 km² Stany Zjednoczone
99%
9 984 670 km² Kanada
96%
8 515 767 km² Brazylia
92%
2 780 400 km² Argentyna
90%
7 682 300 km² Australia
88%
3 287 263 km² Indie
86%
1 964 375 km² Meksyk
77%
2 724 900 km² Kazachstan
75%
2 381 741 km² Algieria
73%
2 344 858 km² Demokratyczna Republika Konga
70%
1 904 569 km² Indonezja
67%
1 564 116 km² Mongolia
67%
2 149 690 km² Arabia Saudyjska
61%
1 648 195 km² Iran
59%
1 759 540 km² Libia
53%
1 861 484 km² Sudan
51%
1 285 216 km² Peru
46%
1 284 000 km² Czad
34%
Nie znaleziono quizów pasujących do podanych kryteriów
Rozkład punktacji
Procent ludzi z każdym wynikiem
Percentyl według liczby udzielonych odpowiedzi
Twoja historia wyników
Nie rozwiązałeś tego quizu